000 00403cam a2200157ua 4500
003 OSt
008 250609b |||||||| |||| 00| 0 eng d
041 _aeng
082 _a624.171
_bURR/SO
100 _aUrry, S A .
_97535
245 _aSolution of problems in strength of materials /
250 _a1 /
260 _aLondon :
_bSir Isaac Pitman & Sons Ltd ,
_c1966.
300 _a430 ; .
942 _cBK
999 _c5270
_d5270